[Event "Winnipeg TNT Aug op"]
[Site "Winnipeg CAN"]
[Date "2007.08.21"]
[Round "3"]
[White "Van Wyk, Joseph"]
[Black "Raihman, Daniel"]
[Result "1-0"]
[WhiteElo "1933"]
[BlackElo "1780"]
[PlyCount "39"]
[GameId "2160767910579902"]
[EventDate "2007.08.07"]
[EventType "swiss"]
[EventRounds "4"]
[EventCountry "CAN"]
[SourceTitle "EXT 2019"]
[Source "ChessBase"]
[SourceDate "2018.10.10"]
[SourceVersion "1"]
[SourceVersionDate "2018.10.10"]
[SourceQuality "1"]

1. e4 c5 2. c3 d5 3. exd5 Qxd5 4. d4 Nc6 5. Nf3 e5 6. Be3 Bg4 7. Be2 cxd4 8. cxd4 exd4 9. Nc3 Qa5 10. Nxd4 Bxe2 11. Qxe2 Nge7 12. Nxc6 Nxc6 13. Bd4+ Kd7 14. O-O-O Bd6 15. Qg4+ Kc7 16. Bxg7 Rhg8 17. Rxd6 Kxd6 18. Qf4+ Ne5 19. Rd1+ Ke6 20. Qf6# 1-0

[Event "Winnipeg TNT Aug op"]
[Site "Winnipeg CAN"]
[Date "2007.08.21"]
[Round "3"]
[White "Wood, Nathaniel"]
[Black "Kong, Dezheng"]
[Result "0-1"]
[WhiteElo "1632"]
[BlackElo "1800"]
[PlyCount "67"]
[GameId "2160767910579903"]
[EventDate "2007.08.07"]
[EventType "swiss"]
[EventRounds "4"]
[EventCountry "CAN"]
[SourceTitle "EXT 2019"]
[Source "ChessBase"]
[SourceDate "2018.10.10"]
[SourceVersion "1"]
[SourceVersionDate "2018.10.10"]
[SourceQuality "1"]

1. e4 c5 2. Nf3 d6 3. d4 cxd4 4. Nxd4 Nf6 5. Nc3 a6 6. Be3 e6 7. Be2 Be7 8. Qd2 O-O 9. O-O-O Nc6 10. g4 Qc7 11. g5 Nd7 12. h4 b5 13. Bg4 Nde5 14. Be2 Nc4 15. Bxc4 bxc4 16. h5 Rb8 17. Nce2 Qb7 18. c3 Ne5 19. Nf4 d5 20. exd5 Ba3 21. Rdg1 Bxb2+ 22. Kd1 exd5 23. g6 Bg4+ 24. Ke1 Ba3 25. gxh7+ Kh8 26. Kf1 Qb1+ 27. Kg2 Qe4+ 28. Kg3 Rb2 29. Qe1 Nf3 30. Nxf3 Qxf3+ 31. Kh2 Bd6 32. Rxg4 Qxg4 33. Qc1 Bxf4+ 34. Bxf4 0-1

[Event "Winnipeg TNT Aug op"]
[Site "Winnipeg CAN"]
[Date "2007.08.21"]
[Round "3"]
[White "Zhou, Lu"]
[Black "Schulz, Waldemar"]
[Result "1/2-1/2"]
[WhiteElo "1870"]
[BlackElo "2052"]
[PlyCount "93"]
[GameId "2160767910579904"]
[EventDate "2007.08.07"]
[EventType "swiss"]
[EventRounds "4"]
[EventCountry "CAN"]
[SourceTitle "EXT 2019"]
[Source "ChessBase"]
[SourceDate "2018.10.10"]
[SourceVersion "1"]
[SourceVersionDate "2018.10.10"]
[SourceQuality "1"]

1. e4 c5 2. Nf3 e6 3. d4 cxd4 4. Nxd4 Nf6 5. Nc3 d6 6. Bc4 Qc7 7. Bb3 a6 8. O-O Be7 9. g4 h6 10. a3 Nc6 11. Nxc6 Qxc6 12. Qe2 Bd7 13. f4 O-O-O 14. h3 d5 15. e5 Bc5+ 16. Kh2 Ne8 17. Rf3 Kb8 18. Bd2 Nc7 19. a4 Rhf8 20. a5 Ba7 21. Ba4 Qc5 22. Bxd7 Rxd7 23. Be1 Rfd8 24. Bh4 Rc8 25. Bf2 Qb4 26. Bxa7+ Kxa7 27. b3 Nb5 28. Nxb5+ axb5 29. f5 Rdc7 30. c4 bxc4 31. fxe6 fxe6 32. bxc4 Qxc4 33. Qe3+ Qc5 34. Qf4 Qc2+ 35. Kh1 Qb2 36. Raf1 Rc1 37. a6 R8c4 38. Qf7 Kxa6 39. Qxe6+ Ka5 40. Qxd5+ b5 41. Qf7 Rxf1+ 42. Rxf1 Rc1 43. Rxc1 Qxc1+ 44. Kg2 Qd2+ 45. Kg3 b4 46. e6 Qe3+ 47. Kg2 1/2-1/2

[Event "Winnipeg TNT Aug op"]
[Site "Winnipeg CAN"]
[Date "2007.08.28"]
[Round "4"]
[White "Babb, Jeff"]
[Black "Tang, Edward"]
[Result "1-0"]
[WhiteElo "2167"]
[BlackElo "2059"]
[PlyCount "93"]
[GameId "2160767910579905"]
[EventDate "2007.08.07"]
[EventType "swiss"]
[EventRounds "4"]
[EventCountry "CAN"]
[SourceTitle "EXT 2019"]
[Source "ChessBase"]
[SourceDate "2018.10.10"]
[SourceVersion "1"]
[SourceVersionDate "2018.10.10"]
[SourceQuality "1"]

1. d4 Nf6 2. c4 e6 3. g3 d5 4. Bg2 Be7 5. Nf3 O-O 6. O-O dxc4 7. Qc2 a6 8. Qxc4 b5 9. Qc2 Bb7 10. Bf4 Bd6 11. Bg5 Nbd7 12. Nbd2 h6 13. Bxf6 Nxf6 14. Nb3 Be4 15. Qd2 Qe7 16. Qe3 Rfc8 17. Nc5 Bxc5 18. dxc5 Rd8 19. Rac1 Rd5 20. a3 Rad8 21. h3 c6 22. b4 Qc7 23. Ra1 a5 24. Rfc1 a4 25. Ne1 Bxg2 26. Kxg2 Qe5 27. Qxe5 Rxe5 28. Ra2 g5 29. Nf3 Red5 30. Raa1 e5 31. e3 e4 32. Nd4 Rc8 33. Rd1 Rc7 34. Rd2 Nd7 35. Nxb5 Rxd2 36. Nxc7 Ne5 37. Ne8 f5 38. Nd6 Nd3 39. Rf1 Ra2 40. Nxf5 Kf7 41. Nd6+ Ke6 42. Nxe4 Rxa3 43. Rd1 Nxb4 44. Rd6+ Ke5 45. Nd2 Rd3 46. Nc4+ Ke4 47. f3+ 1-0

[Event "Winnipeg TNT Aug op"]
[Site "Winnipeg CAN"]
[Date "2007.08.28"]
[Round "4"]
[White "Huynh, Peter"]
[Black "Magnusson, Saul"]
[Result "0-1"]
[WhiteElo "1516"]
[BlackElo "1049"]
[PlyCount "79"]
[GameId "2160767910579906"]
[EventDate "2007.08.07"]
[EventType "swiss"]
[EventRounds "4"]
[EventCountry "CAN"]
[SourceTitle "EXT 2019"]
[Source "ChessBase"]
[SourceDate "2018.10.10"]
[SourceVersion "1"]
[SourceVersionDate "2018.10.10"]
[SourceQuality "1"]

1. c4 e5 2. Nc3 Nf6 3. Nf3 Nc6 4. g3 d5 5. cxd5 Nxd5 6. Bg2 Nb6 7. O-O Be7 8. b3 O-O 9. Bb2 f5 10. e4 f4 11. Ne2 Be6 12. Nxe5 Nxe5 13. Bxe5 f3 14. Bxf3 Rxf3 15. Nf4 Bg4 16. Qe1 Bf6 17. Bxf6 Qxf6 18. h3 Rxf4 19. hxg4 Rxg4 20. e5 Qe6 21. f4 Rf8 22. Rf3 Nd5 23. Kf1 Rf5 24. Qe4 Rh5 25. Kg2 c6 26. Rg1 Rf5 27. Rgf1 h5 28. Kh3 Rg6 29. Kh4 Qe7+ 30. Kh3 Qe6 31. Kh4 Nf6 32. Qd4 Nd5 33. Qe4 Ne7 34. Qd3 Rh6 35. Qc4 Nd5 36. d4 Qg6 37. Kh3 Qg4+ 38. Kh2 h4 39. Qd3 hxg3+ 40. Kg1 0-1

[Event "Winnipeg TNT Aug op"]
[Site "Winnipeg CAN"]
[Date "2007.08.28"]
[Round "4"]
[White "Khedkar, Jay S"]
[Black "Zhou, Lu"]
[Result "0-1"]
[WhiteElo "1975"]
[BlackElo "1870"]
[PlyCount "76"]
[GameId "2160767910579907"]
[EventDate "2007.08.07"]
[EventType "swiss"]
[EventRounds "4"]
[EventCountry "CAN"]
[SourceTitle "EXT 2019"]
[Source "ChessBase"]
[SourceDate "2018.10.10"]
[SourceVersion "1"]
[SourceVersionDate "2018.10.10"]
[SourceQuality "1"]

1. e4 e5 2. f4 d5 3. exd5 e4 4. d3 Nf6 5. dxe4 Nxe4 6. Nf3 Bc5 7. Qe2 O-O 8. Qxe4 Re8 9. Ne5 Nd7 10. Bd3 Qh4+ 11. g3 Qh3 12. b4 Bd6 13. Bb2 f6 14. Qf5 Nxe5 15. Qxh7+ Qxh7 16. Bxh7+ Kxh7 17. fxe5 Bxe5 18. Bxe5 Rxe5+ 19. Kf2 Rxd5 20. Re1 Bg4 21. a4 Rad8 22. Ra3 c6 23. Rae3 Kg6 24. Re7 R8d7 25. c4 Rxe7 26. cxd5 Rxe1 27. Kxe1 cxd5 28. Nc3 Bd7 29. a5 Kf5 30. Nxd5 Ke4 31. Ne7 Kd3 32. h4 Kc4 33. h5 Kxb4 34. Nd5+ Kxa5 35. Nxf6 gxf6 36. h6 Bf5 37. g4 Bh7 38. Kd2 b5 0-1

[Event "Winnipeg TNT Aug op"]
[Site "Winnipeg CAN"]
[Date "2007.08.28"]
[Round "4"]
[White "Kong, Dezheng"]
[Black "Nikouline, Alexandre"]
[Result "0-1"]
[WhiteElo "1800"]
[BlackElo "2118"]
[PlyCount "60"]
[GameId "2160767910579908"]
[EventDate "2007.08.07"]
[EventType "swiss"]
[EventRounds "4"]
[EventCountry "CAN"]
[SourceTitle "EXT 2019"]
[Source "ChessBase"]
[SourceDate "2018.10.10"]
[SourceVersion "1"]
[SourceVersionDate "2018.10.10"]
[SourceQuality "1"]

1. c4 e5 2. Nc3 d6 3. Nf3 Nc6 4. g3 f5 5. d3 Nf6 6. Bg2 g6 7. O-O Bg7 8. Bg5 h6 9. Bxf6 Bxf6 10. Nd5 O-O 11. Qd2 Kg7 12. Rfd1 Ne7 13. Nxf6 Rxf6 14. Re1 c5 15. e4 f4 16. Qc3 Nc6 17. a3 Bg4 18. Rf1 Bxf3 19. Bxf3 Nd4 20. Bd1 f3 21. Re1 Qd7 22. Kh1 Raf8 23. Qd2 Qh3 24. Rg1 Ne2 25. Bc2 g5 26. Rae1 g4 27. Bd1 Rf5 28. exf5 Rxf5 29. Qa5 Qxh2+ 30. Kxh2 Rh5# 0-1

[Event "Winnipeg TNT Aug op"]
[Site "Winnipeg CAN"]
[Date "2007.08.28"]
[Round "4"]
[White "Letain, Cory"]
[Black "Wood, Nathaniel"]
[Result "1-0"]
[WhiteElo "1350"]
[BlackElo "1632"]
[PlyCount "95"]
[GameId "2160767910579909"]
[EventDate "2007.08.07"]
[EventType "swiss"]
[EventRounds "4"]
[EventCountry "CAN"]
[SourceTitle "EXT 2019"]
[Source "ChessBase"]
[SourceDate "2018.10.10"]
[SourceVersion "1"]
[SourceVersionDate "2018.10.10"]
[SourceQuality "1"]

1. e4 c5 2. d4 cxd4 3. c3 Nf6 4. e5 Nd5 5. cxd4 d6 6. Bc4 Nb6 7. Bb3 dxe5 8. dxe5 Qxd1+ 9. Bxd1 Nc6 10. f4 e6 11. Nf3 Bc5 12. a3 Nd5 13. Bd2 Bd7 14. Nc3 Nxc3 15. Bxc3 O-O 16. b4 Be3 17. b5 Ne7 18. Bd2 Nd5 19. Bxe3 Nxe3 20. Kf2 Nxd1+ 21. Rhxd1 Bxb5 22. Rab1 Bc6 23. Nd4 Ba4 24. Rd2 b5 25. Nxb5 Rab8 26. Rdb2 a6 27. Nc3 Rxb2+ 28. Rxb2 Bd7 29. Rb6 Rc8 30. Ne4 Rc2+ 31. Ke3 h6 32. Rxa6 Rxg2 33. a4 Rxh2 34. a5 Ra2 35. Nd6 f5 36. Ra7 Bc6 37. Rc7 Ra3+ 38. Kd4 Bd5 39. Rc5 Rf3 40. Rxd5 exd5 41. e6 Kf8 42. Kxd5 Rxf4 43. Nc8 Re4 44. a6 Ra4 45. e7+ Ke8 46. a7 f4 47. Ke6 Rxa7 48. Nd6# 1-0

[Event "Winnipeg TNT Aug op"]
[Site "Winnipeg CAN"]
[Date "2007.08.28"]
[Round "4"]
[White "Martens, Peter"]
[Black "Gibbons, Lorne"]
[Result "0-1"]
[WhiteElo "1189"]
[BlackElo "1282"]
[PlyCount "158"]
[GameId "2160767910579911"]
[EventDate "2007.08.07"]
[EventType "swiss"]
[EventRounds "4"]
[EventCountry "CAN"]
[SourceTitle "EXT 2019"]
[Source "ChessBase"]
[SourceDate "2018.10.10"]
[SourceVersion "1"]
[SourceVersionDate "2018.10.10"]
[SourceQuality "1"]

1. e4 e5 2. Nf3 Nc6 3. Nc3 Bc5 4. Bb5 Nge7 5. O-O f6 6. d3 d6 7. h3 Be6 8. Re1 a6 9. Bxc6+ Nxc6 10. Be3 Bxe3 11. Rxe3 Qd7 12. a3 h5 13. b4 Ne7 14. Nh4 g5 15. Nf3 O-O-O 16. d4 c6 17. Na4 Kc7 18. Rc3 Qe8 19. d5 Bd7 20. Qd3 b5 21. Nb2 Kb7 22. a4 cxd5 23. axb5 Bxb5 24. Qd1 dxe4 25. Nd2 d5 26. Nb3 Nc6 27. Qd2 d4 28. Rg3 Nb8 29. Nc5+ Kb6 30. Nxe4 Qc6 31. Nc5 Nd7 32. Nba4+ Ka7 33. c3 Nb6 34. Nxb6 Qxb6 35. Qc2 h4 36. c4 hxg3 37. cxb5 Qxb5 38. Ne6 gxf2+ 39. Kxf2 Rc8 40. Qg6 Qxb4 41. Rb1 Qd2+ 42. Kg3 Qc3+ 43. Kh2 Qc6 44. Qg7+ Ka8 45. Nc5 Qc7 46. Qxc7 Rxc7 47. Ne4 Rf8 48. Rb6 a5 49. Nxf6 Rb7 50. Re6 a4 51. Ne4 Rf5 52. Nd6 Rbf7 53. Nxf7 Rxf7 54. Rxe5 a3 55. Re2 Ra7 56. Ra2 Kb7 57. Kg3 Kc6 58. Kf3 Kd5 59. g3 Kc4 60. Ke4 Kb3 61. Rxa3+ Rxa3 62. Kxd4 Kc2 63. Ke5 Rxg3 64. Kf5 Rg1 65. Kg6 Kd3 66. Kh5 Ke4 67. Kg6 Kf4 68. Kh5 Rh1 69. Kg6 Rxh3 70. Kf6 g4 71. Ke6 g3 72. Kd5 g2 73. Kc4 g1=Q 74. Kd5 Re3 75. Kc4 Qd1 76. Kc5 Rc3+ 77. Kb4 Qc2 78. Kb5 Rb3+ 79. Ka5 Qa2# 0-1

[Event "Winnipeg TNT Aug op"]
[Site "Winnipeg CAN"]
[Date "2007.08.28"]
[Round "4"]
[White "Oberton, Daniel"]
[Black "Liu, Weixi"]
[Result "1/2-1/2"]
[WhiteElo "2011"]
[BlackElo "1801"]
[PlyCount "93"]
[GameId "2160767910579912"]
[EventDate "2007.08.07"]
[EventType "swiss"]
[EventRounds "4"]
[EventCountry "CAN"]
[SourceTitle "EXT 2019"]
[Source "ChessBase"]
[SourceDate "2018.10.10"]
[SourceVersion "1"]
[SourceVersionDate "2018.10.10"]
[SourceQuality "1"]

1. e4 e6 2. d4 d5 3. Nc3 Bb4 4. e5 c5 5. a3 Bxc3+ 6. bxc3 Qa5 7. Bd2 Qa4 8. Qb1 a6 9. Qb3 Qxb3 10. cxb3 Nc6 11. Nf3 cxd4 12. cxd4 Nge7 13. Bd3 O-O 14. O-O Bd7 15. Rfc1 Rfc8 16. g4 Na7 17. Ba5 Bb5 18. Bxb5 Nxb5 19. a4 Na7 20. Bb6 Nac6 21. Bc5 Ng6 22. Rc3 Nf4 23. Kf1 Na5 24. Rac1 Rc6 25. Bb6 Rxc3 26. Rxc3 Nc6 27. Ne1 Rc8 28. Ng2 Ng6 29. f4 Nge7 30. Ne3 g6 31. Ke2 h6 32. h3 Kf8 33. Bc5 Kg7 34. Bxe7 Nxe7 35. Rxc8 Nxc8 36. f5 gxf5 37. gxf5 Na7 38. fxe6 fxe6 39. Kf3 Nc6 40. Nc2 Kg6 41. Kg4 Na5 42. b4 Nb3 43. a5 Nd2 44. Ne1 Nb3 45. Nc2 Nd2 46. Ne1 Nb3 47. Nc2 1/2-1/2

[Event "Winnipeg TNT Aug op"]
[Site "Winnipeg CAN"]
[Date "2007.08.28"]
[Round "4"]
[White "Pottinger, Carl"]
[Black "Raihman, Igal"]
[Result "0-1"]
[WhiteElo "1856"]
[BlackElo "1971"]
[PlyCount "108"]
[GameId "2160767910579913"]
[EventDate "2007.08.07"]
[EventType "swiss"]
[EventRounds "4"]
[EventCountry "CAN"]
[SourceTitle "EXT 2019"]
[Source "ChessBase"]
[SourceDate "2018.10.10"]
[SourceVersion "1"]
[SourceVersionDate "2018.10.10"]
[SourceQuality "1"]

1. c4 e6 2. g3 Nf6 3. Bg2 d5 4. Nf3 c5 5. cxd5 exd5 6. d4 Nc6 7. O-O h6 8. Nc3 Be6 9. Be3 b6 10. Bf4 Rc8 11. Rc1 Be7 12. Be5 O-O 13. Qa4 Qd7 14. Rfd1 Ne4 15. Nxe4 dxe4 16. dxc5 Qe8 17. Qxe4 Bxc5 18. a3 Bb3 19. Rd3 Na5 20. Qf4 f6 21. Bc3 Qxe2 22. Rd2 Bxf2+ 23. Kh1 Qe3 24. Rf1 Qxf4 25. gxf4 Be3 26. Rd3 Bxf4 27. Bxa5 Bc4 28. Bd2 Bxd3 29. Bxf4 Bxf1 30. Bxf1 g5 31. Bd2 Rfd8 32. Bc3 f5 33. Nd4 f4 34. Bh3 Rxc3 35. bxc3 h5 36. Be6+ Kg7 37. Kg2 Kf6 38. Bc4 Rc8 39. Be2 g4 40. c4 f3+ 41. Nxf3 gxf3+ 42. Kxf3 Kg5 43. Kg3 h4+ 44. Kg2 Rd8 45. Kf3 Rd2 46. Ke3 Ra2 47. h3 Rxa3+ 48. Kd4 Rxh3 49. Kd5 Re3 50. Bf1 h3 51. Kc6 h2 52. Bg2 Rg3 53. Bd5 Rg1 54. Kb5 h1=Q 0-1

[Event "Winnipeg TNT Aug op"]
[Site "Winnipeg CAN"]
[Date "2007.08.28"]
[Round "4"]
[White "Raihman, Daniel"]
[Black "Evans, Brian"]
[Result "1-0"]
[WhiteElo "1780"]
[BlackElo "1495"]
[PlyCount "51"]
[GameId "2160767910579914"]
[EventDate "2007.08.07"]
[EventType "swiss"]
[EventRounds "4"]
[EventCountry "CAN"]
[SourceTitle "EXT 2019"]
[Source "ChessBase"]
[SourceDate "2018.10.10"]
[SourceVersion "1"]
[SourceVersionDate "2018.10.10"]
[SourceQuality "1"]

1. e4 c5 2. Nf3 d6 3. d4 cxd4 4. Nxd4 Nf6 5. Nc3 e6 6. Be3 a6 7. Qd2 Be7 8. O-O-O O-O 9. Be2 b5 10. Bf3 Bb7 11. a3 Nbd7 12. e5 Nd5 13. Nxd5 exd5 14. e6 Ne5 15. exf7+ Rxf7 16. Ne6 Qd7 17. Bxd5 Bxd5 18. Qxd5 Rc8 19. Qxe5 Qc6 20. Qc3 Qxc3 21. bxc3 Rxc3 22. Kb2 Bf6 23. Bd4 Bxd4 24. Nxd4 Rc4 25. Nf3 Rc6 26. Rhe1 1-0

[Event "Winnipeg TNT Aug op"]
[Site "Winnipeg CAN"]
[Date "2007.08.28"]
[Round "4"]
[White "Schulz, Waldemar"]
[Black "Atem, James"]
[Result "1-0"]
[WhiteElo "2052"]
[BlackElo "1699"]
[PlyCount "147"]
[GameId "2160767910579915"]
[EventDate "2007.08.07"]
[EventType "swiss"]
[EventRounds "4"]
[EventCountry "CAN"]
[SourceTitle "EXT 2019"]
[Source "ChessBase"]
[SourceDate "2018.10.10"]
[SourceVersion "1"]
[SourceVersionDate "2018.10.10"]
[SourceQuality "1"]

1. d4 c6 2. c4 g6 3. Nc3 Bg7 4. Nf3 d6 5. e4 Qa5 6. Be2 Nf6 7. O-O O-O 8. h3 a6 9. Be3 Nbd7 10. a3 Qc7 11. Qd2 e5 12. dxe5 dxe5 13. Rad1 Re8 14. b4 a5 15. Ra1 Bf8 16. c5 Nb8 17. Bc4 Be6 18. Bxe6 Rxe6 19. Rfd1 Na6 20. Rab1 axb4 21. axb4 Ree8 22. Qe2 Nb8 23. Qc4 Nbd7 24. Ng5 Re7 25. Rd2 h6 26. Nf3 Ra3 27. Ra2 Rxa2 28. Qxa2 b6 29. Nh4 Kh7 30. cxb6 Nxb6 31. Bc5 Kg7 32. Bxe7 Bxe7 33. Nf3 Nbd7 34. Qc4 Nh5 35. Nd5 Qd6 36. Nxe7 Qxe7 37. Qxc6 Nf4 38. Rd1 Qxb4 39. Qxd7 Qxe4 40. Re1 Qa8 41. Rxe5 Qa1+ 42. Re1 Qf6 43. Qd4 Qxd4 44. Nxd4 Kf6 45. Nf3 Nd3 46. Re3 Nf4 47. Ra3 g5 48. Ra5 Kg7 49. Ne5 Ne6 50. Ra7 Nd8 51. Rd7 Ne6 52. Rxf7+ Kg8 53. Rf6 Nf4 54. Rxf4 gxf4 55. Nd3 f3 56. gxf3 Kf7 57. Kg2 Kf6 58. Kg3 Kg5 59. h4+ Kf5 60. Nb4 Kg6 61. Kg4 h5+ 62. Kf4 Kf6 63. Nd3 Kg6 64. Ke5 Kh6 65. Kf6 Kh7 66. f4 Kh6 67. f5 Kh7 68. Ke7 Kg8 69. f6 Kh7 70. f7 Kg6 71. f8=Q Kh7 72. Qf5+ Kg8 73. Qg5+ Kh7 74. Kf7 1-0

[Event "Winnipeg TNT Aug op"]
[Site "Winnipeg CAN"]
[Date "2007.08.28"]
[Round "4"]
[White "Van Wyk, Joseph"]
[Black "Lauritson, Jim"]
[Result "1-0"]
[WhiteElo "1933"]
[BlackElo "1934"]
[PlyCount "57"]
[GameId "2160767910579916"]
[EventDate "2007.08.07"]
[EventType "swiss"]
[EventRounds "4"]
[EventCountry "CAN"]
[SourceTitle "EXT 2019"]
[Source "ChessBase"]
[SourceDate "2018.10.10"]
[SourceVersion "1"]
[SourceVersionDate "2018.10.10"]
[SourceQuality "1"]

1. e4 c5 2. c3 Nf6 3. e5 Nd5 4. d4 cxd4 5. cxd4 Nc6 6. Nc3 Nxc3 7. bxc3 d6 8. f4 e6 9. Nf3 Be7 10. Bd3 Bd7 11. O-O Rc8 12. Bd2 Na5 13. Rb1 b6 14. exd6 Bxd6 15. f5 Nc4 16. Bxc4 Rxc4 17. Qe2 Rc8 18. Ng5 e5 19. dxe5 Bc5+ 20. Kh1 Bc6 21. e6 Qd5 22. exf7+ Kf8 23. f6 g6 24. c4 Qd7 25. Rbd1 Ba4 26. Rde1 Bd6 27. Ne6+ Kxf7 28. Ng5+ Kf8 29. f7 1-0

[Event "Winnipeg TNT February op"]
[Site "Winnipeg CAN"]
[Date "2007.02.06"]
[Round "1"]
[White "Adol, Deng"]
[Black "Silva, T Romero"]
[Result "1-0"]
[WhiteElo "1783"]
[BlackElo "1903"]
[PlyCount "148"]
[GameId "2160767910718459"]
[EventDate "2007.02.06"]
[EventType "swiss"]
[EventRounds "4"]
[EventCountry "CAN"]
[SourceTitle "EXT 2019"]
[Source "ChessBase"]
[SourceDate "2018.10.10"]
[SourceVersion "1"]
[SourceVersionDate "2018.10.10"]
[SourceQuality "1"]

1. e4 e5 2. d3 d6 3. h3 Nf6 4. Nf3 Be7 5. Be2 a6 6. O-O O-O 7. Nc3 Re8 8. Bg5 h6 9. Bh4 Nbd7 10. a3 Nf8 11. Bg3 Ng6 12. Nh4 Nf8 13. f4 Nxe4 14. dxe4 Bxh4 15. Bxh4 Qxh4 16. f5 Nh7 17. Kh2 Bd7 18. g3 Qd8 19. Qd2 Bc6 20. Rg1 Qf6 21. Raf1 Rad8 22. Bc4 Ng5 23. Qe3 Nh7 24. b4 b5 25. Bd5 Bd7 26. Bb7 Bc8 27. Bc6 Bd7 28. Bd5 c6 29. Bb3 Bc8 30. g4 Bb7 31. Qg3 d5 32. h4 Kf8 33. g5 hxg5 34. hxg5 Qd6 35. g6 Ng5 36. Qxg5 f6 37. Qg3 Ke7 38. exd5 Rh8+ 39. Kg2 cxd5 40. Kf2 d4 41. Ne2 Rh5 42. Ke1 Rdh8 43. Qd3 Rh4 44. Qd2 Re4 45. Kd1 Rh2 46. Re1 Qb6 47. Kc1 Re3 48. Rgf1 Kf8 49. Kb1 Be4 50. Kb2 d3 51. Qc3 dxe2 52. Qc8+ Ke7 53. Rd1 Bd3 54. Be6 exd1=N+ 55. Kb1 Nc3+ 56. Ka1 Qd8 57. Qc5+ Qd6 58. Qc8 Be4 59. Qg8 Qc7 60. Qxg7+ Kd6 61. Qf8+ Qe7 62. Qb8+ Qc7 63. Qf8+ Kc6 64. Qc5+ Kb7 65. Qxe3 Rxc2 66. Rg1 Ra2+ 67. Bxa2 Bd5 68. Rc1 Bxa2 69. Rxc3 Bc4 70. Qe4+ Kb8 71. Qg4 Qg7 72. Rxc4 bxc4 73. Qxc4 Qh6 74. Qg8+ Kc7 1-0

[Event "Winnipeg TNT February op"]
[Site "Winnipeg CAN"]
[Date "2007.02.06"]
[Round "1"]
[White "Cleto, Sam"]
[Black "Letain, Cory"]
[Result "1-0"]
[WhiteElo "1910"]
[BlackElo "1397"]
[PlyCount "55"]
[GameId "2160767910718460"]
[EventDate "2007.02.06"]
[EventType "swiss"]
[EventRounds "4"]
[EventCountry "CAN"]
[SourceTitle "EXT 2019"]
[Source "ChessBase"]
[SourceDate "2018.10.10"]
[SourceVersion "1"]
[SourceVersionDate "2018.10.10"]
[SourceQuality "1"]

1. e4 e5 2. Nf3 Nf6 3. Nxe5 d6 4. Nf3 Nxe4 5. d4 Be7 6. Bd3 Ng5 7. O-O O-O 8. Nxg5 Bxg5 9. Qh5 Bh6 10. Bxh6 gxh6 11. Qxh6 f5 12. Nd2 Nc6 13. Nf3 Qf6 14. Qxf6 Rxf6 15. Rfe1 Bd7 16. c3 Kh8 17. b4 Rg8 18. b5 Nd8 19. Re7 Be6 20. c4 Bf7 21. Nh4 Ne6 22. d5 Nd4 23. Kf1 f4 24. Rxc7 f3 25. g3 Re8 26. Re1 Ne2 27. Bxe2 Bg6 28. Nxg6+ 1-0

[Event "Winnipeg TNT February op"]
[Site "Winnipeg CAN"]
[Date "2007.02.06"]
[Round "1"]
[White "Essery, Richard"]
[Black "Oberton, Daniel"]
[Result "0-1"]
[WhiteElo "1675"]
[BlackElo "2019"]
[PlyCount "72"]
[GameId "2160767910718461"]
[EventDate "2007.02.06"]
[EventType "swiss"]
[EventRounds "4"]
[EventCountry "CAN"]
[SourceTitle "EXT 2019"]
[Source "ChessBase"]
[SourceDate "2018.10.10"]
[SourceVersion "1"]
[SourceVersionDate "2018.10.10"]
[SourceQuality "1"]

1. d4 Nf6 2. Nf3 g6 3. Bf4 Bg7 4. e3 O-O 5. c3 d6 6. Nbd2 b6 7. h3 c5 8. Be2 Ba6 9. O-O Bxe2 10. Qxe2 Nbd7 11. Rab1 Qc7 12. Bh2 Rab8 13. Ng5 b5 14. Nde4 h6 15. Nxf6+ Nxf6 16. Nf3 b4 17. Qc4 Rfc8 18. Ne5 dxe5 19. Bxe5 Qc6 20. Bxb8 Rxb8 21. cxb4 Rxb4 22. Qc2 Nd7 23. b3 Qd6 24. dxc5 Qxc5 25. Qd2 Rb7 26. Rbc1 Qe5 27. Rc8+ Kh7 28. Rfc1 Nf6 29. Ra8 Rd7 30. Qc2 Qd5 31. Qc8 Qd2 32. Rc6 h5 33. Rc2 Qe1+ 34. Kh2 Rd1 35. Qc4 h4 36. Qxh4+ Nh5 0-1

[Event "Winnipeg TNT February op"]
[Site "Winnipeg CAN"]
[Date "2007.02.06"]
[Round "1"]
[White "Gibbons, Michael"]
[Black "Nguyen, Huy"]
[Result "1-0"]
[WhiteElo "2063"]
[BlackElo "1721"]
[PlyCount "91"]
[GameId "2160767910718462"]
[EventDate "2007.02.06"]
[EventType "swiss"]
[EventRounds "4"]
[EventCountry "CAN"]
[SourceTitle "EXT 2019"]
[Source "ChessBase"]
[SourceDate "2018.10.10"]
[SourceVersion "1"]
[SourceVersionDate "2018.10.10"]
[SourceQuality "1"]

1. Nf3 d5 2. b3 c5 3. e3 Nc6 4. Bb5 Bg4 5. h3 Bh5 6. O-O Nf6 7. Ba3 e6 8. g4 Bg6 9. Ne5 Qc7 10. f4 Bd6 11. Bb2 O-O-O 12. Bxc6 bxc6 13. d3 Ne8 14. Qe2 f6 15. Nf3 h5 16. g5 e5 17. Nh4 Bf7 18. g6 Be6 19. f5 Bd7 20. e4 Kb8 21. Nc3 Qb7 22. Na4 Bc8 23. Ba3 Qe7 24. c4 Bb7 25. Qe3 d4 26. Qd2 Nc7 27. Rab1 Na6 28. Qa5 Rd7 29. Rfc1 Bc7 30. Qe1 Bd6 31. Rc2 Nb4 32. Bxb4 cxb4 33. c5 Bc7 34. Qxb4 Qd8 35. Qd2 Ba6 36. Nb2 Qe7 37. b4 Ka8 38. Nc4 Rb8 39. Qd1 Rdd8 40. a4 Qd7 41. Qc1 Rh8 42. Qa3 Rhd8 43. Ra1 Rb7 44. Nd2 Rdb8 45. b5 Bxb5 46. axb5 1-0

[Event "Winnipeg TNT February op"]
[Site "Winnipeg CAN"]
[Date "2007.02.06"]
[Round "1"]
[White "Goodman, Clifford"]
[Black "Van Wyk, Joseph"]
[Result "1-0"]
[WhiteElo "1458"]
[BlackElo "1921"]
[PlyCount "69"]
[GameId "2160767910718463"]
[EventDate "2007.02.06"]
[EventType "swiss"]
[EventRounds "4"]
[EventCountry "CAN"]
[SourceTitle "EXT 2019"]
[Source "ChessBase"]
[SourceDate "2018.10.10"]
[SourceVersion "1"]
[SourceVersionDate "2018.10.10"]
[SourceQuality "1"]

1. e4 c6 2. d4 d5 3. Nc3 dxe4 4. Nxe4 Bf5 5. Ng3 Bg6 6. Nf3 Nd7 7. h4 h6 8. Bd3 Bxd3 9. Qxd3 e6 10. Bf4 Ngf6 11. c4 Bb4+ 12. Bd2 Bxd2+ 13. Qxd2 O-O 14. O-O b5 15. cxb5 cxb5 16. Qb4 Qb6 17. Ne5 Nxe5 18. dxe5 Nd5 19. Qg4 f5 20. exf6 Rxf6 21. Nh5 Rf7 22. Rae1 Re8 23. Qg6 e5 24. Qxb6 Nxb6 25. Re2 Nc4 26. Rfe1 Rf5 27. Ng3 Rf4 28. b3 Nd6 29. Rxe5 Ref8 30. f3 Rxh4 31. Rd1 Rf6 32. Red5 Nf7 33. Rxb5 Rg6 34. Nf5 Rg5 35. Rb8+ 1-0

[Event "Winnipeg TNT February op"]
[Site "Winnipeg CAN"]
[Date "2007.02.06"]
[Round "1"]
[White "Katcher, Jeff"]
[Black "Pottinger, Carl"]
[Result "0-1"]
[WhiteElo "1258"]
[BlackElo "1809"]
[PlyCount "64"]
[GameId "2160767910718464"]
[EventDate "2007.02.06"]
[EventType "swiss"]
[EventRounds "4"]
[EventCountry "CAN"]
[SourceTitle "EXT 2019"]
[Source "ChessBase"]
[SourceDate "2018.10.10"]
[SourceVersion "1"]
[SourceVersionDate "2018.10.10"]
[SourceQuality "1"]

1. c4 c5 2. Nc3 g6 3. g3 Bg7 4. Bg2 Nf6 5. e4 d6 6. Nge2 O-O 7. O-O Nc6 8. d3 Rb8 9. Rb1 Be6 10. Be3 Qd7 11. Qd2 Ng4 12. Nf4 Nxe3 13. Nxe6 Nxf1 14. Nxf8 Nxd2 15. Nxd7 Nxb1 16. Nxb8 Nxb8 17. Nxb1 Bxb2 18. f4 b6 19. Kf1 Na6 20. a3 Nc7 21. f5 b5 22. g4 b4 23. axb4 cxb4 24. Ke2 a5 25. Kd2 a4 26. Kc2 Be5 27. h3 Na6 28. Nd2 Nc5 29. Nf3 b3+ 30. Kb1 Bc3 31. d4 Nxe4 32. Bf1 a3 0-1